[Event "TV2 Elo Open 2017"]
[Site "Fagernes NOR"]
[Date "2017.04.16"]
[Round "9"]
[White "Skrede,Snorre"]
[Black "Syse,Knut"]
[Result "1-0"]
[WhiteElo "1920"]
[BlackElo "1534"]

1.d4 f5 2.Bf4 Nf6 3.e3 g6 4.h4 h6 5.Nh3 Bg7 6.Bg3 O-O 7.Nf4 Kh7 8.Nd2 d5 9.Nf3
Nbd7 10.Ne6 Qe8 11.Nxc7 Qf7 12.Nxa8 f4 13.Bxf4 Ng4 14.Qd2 e5 15.dxe5 Ndxe5
16.Bxe5 Nxe5 17.O-O-O d4 18.Nxe5 Qxa2 19.Qd3 Qa1+ 20.Kd2 Qa5+ 21.Ke2 Bxe5
22.h5 Rf5 23.hxg6+ Kg7 24.Qd2 Qb5+ 25.Ke1 Qxb2 26.e4 d3 27.Qxh6+ Kf6 28.Bxd3
Qb4+ 29.Ke2 Rxf2+ 30.Kxf2 Bg4 31.g7+ Kf7 32.g8=Q+ {#r} 1-0

[Event "TV2 Elo Open 2017"]
[Site "Fagernes NOR"]
[Date "2017.04.16"]
[Round "9"]
[White "Ali,Karim"]
[Black "Yilmaz,Kazim"]
[Result "1-0"]
[WhiteElo "1841"]
[BlackElo "1566"]

1.d4 d5 2.Nf3 Nf6 3.e3 e6 4.Bd3 Bd6 5.b3 b6 6.Bb2 Bb7 7.O-O O-O 8.Nbd2 Nbd7
9.Ne5 Ne4 10.f3 Nxd2 11.Qxd2 Bxe5 12.dxe5 f6 13.exf6 Nxf6 14.Qe1 c5 15.Qh4 h6
16.a4 a5 17.Qh3 Qe7 18.Qg3 Ba6 19.c4 dxc4 20.bxc4 g5 21.Qe5 Rad8 22.Rfd1 Qd6
23.Bh7+ Kxh7 24.Rxd6 Rxd6 25.Qxd6 Bxc4 26.Qxf8 Kg6 27.Qxf6+ Kh5 28.g4+ Kh4
29.Qxh6# 1-0

[Event "TV2 Elo Open 2017"]
[Site "Fagernes NOR"]
[Date "2017.04.16"]
[Round "9"]
[White "Gundersen,I"]
[Black "Sebastian,Andreas"]
[Result "1-0"]
[WhiteElo "1825"]
[BlackElo "1810"]

1.e4 c5 2.Nf3 e6 3.Nc3 Nc6 4.d4 cxd4 5.Nxd4 Qc7 6.Ndb5 Qb8 7.a4 a6 8.Nd4 Nf6
9.Be3 Bb4 10.Nxc6 bxc6 11.Bd3 d5 12.O-O O-O 13.exd5 cxd5 14.f4 Qc7 15.Ne2 Bc5
16.Bd4 Rb8 17.Kh1 Bxd4 18.Nxd4 Rxb2 19.Qf3 Bb7 20.Qh3 Ne4 21.Qh4 Qc3 22.Nf3
Qf6 23.Qh5 h6 24.Ne5 Rc8 25.Rae1 Rc7 26.Rf3 Nc5 27.Ng4 Qe7 28.Nxh6+ gxh6
29.Qxh6 f5 30.Rg3+ Kf7 31.Qg6+ {#r} 1-0

[Event "TV2 Elo Open 2017"]
[Site "Fagernes NOR"]
[Date "2017.04.16"]
[Round "9"]
[White "Mella,A"]
[Black "Lang,Gu jr"]
[Result "0-1"]
[WhiteElo "1724"]
[BlackElo "1753"]

1.c4 Nf6 2.Nf3 e6 3.g3 b6 4.Bg2 Bb7 5.O-O Be7 6.b3 O-O 7.Bb2 d5 8.d4 dxc4
9.bxc4 c5 10.e3 cxd4 11.exd4 Qc7 12.Nbd2 Ne4 13.Nxe4 Bxe4 14.Qe2 Bb7 15.Rac1
Bf6 16.Rfe1 Nd7 17.h4 Rac8 18.Ba3 Rfd8 19.d5 exd5 20.cxd5 Nc5 21.Bxc5 bxc5
22.Bh3 Rb8 23.Rb1 Bxd5 24.Rxb8 Qxb8 25.Nh2 Bd4 26.Bf5 Qxg3+ {#R} 0-1

[Event "TV2 Elo Open 2017"]
[Site "Fagernes NOR"]
[Date "2017.04.16"]
[Round "9"]
[White "Reigstad,Erlend"]
[Black "Brobakken,Lars Erik"]
[Result "0-1"]
[WhiteElo "1576"]
[BlackElo "1740"]

1.d4 Nf6 2.c4 g6 3.Nc3 d5 4.cxd5 Nxd5 5.e4 Nxc3 6.bxc3 Bg7 7.Bc4 c5 8.Bb2 Qa5
9.Qb3 O-O 10.Qb5 Qc7 11.Qxc5 Qxc5 12.dxc5 Nd7 13.c6 Ne5 14.cxb7 Bxb7 15.Be2
Bxe4 16.f3 Nd3+ 17.Bxd3 Bxd3 18.O-O-O Bh6+ {#R} 0-1

[Event "TV2 Elo Open 2017"]
[Site "Fagernes NOR"]
[Date "2017.04.16"]
[Round "9"]
[White "Greibrokk,Maria"]
[Black "Gaure,Sigurd Lauvas"]
[Result "1-0"]
[WhiteElo "1638"]
[BlackElo "1504"]

1.e4 c5 2.Nf3 d6 3.d4 cxd4 4.Nxd4 Nf6 5.Nc3 g6 6.Be3 Bg7 7.f3 O-O 8.Qd2 Nc6
9.O-O-O Bd7 10.g4 Re8 11.h4 h5 12.gxh5 Nxh5 13.Bc4 Rc8 14.Bb3 Na5 15.Kb1 Rc5
16.Rdg1 Qc8 17.Rxg6 Nxb3 18.Rxg7+ Kxg7 19.Nxb3 Rc6 20.Bd4+ f6 21.Qg5+ Kf7
22.Qxh5+ Ke6 23.Qd5# 1-0

[Event "3rd HSK Easter Open 2017"]
[Site "Hamburg GER"]
[Date "2017.04.16"]
[Round "5.3"]
[White "Nedic,D"]
[Black "Schroeder,Christo"]
[Result "1-0"]
[WhiteElo "2352"]
[BlackElo "2174"]
[EventType "swiss"]

1.d4 f5 2.Nf3 Nf6 3.c4 e6 4.Nc3 Bb4 5.Bd2 O-O 6.g3 a5 7.Bg2 d6 8.Qc2 Qe7 9.O-O
e5 10.dxe5 dxe5 11.Nd5 Nxd5 12.cxd5 e4 13.Bxb4 axb4 14.Nd4 Ra5 15.Qb3 Kh8
16.Rfd1 Bd7 17.Qc4 Na6 18.Nb3 Rb5 19.f3 exf3 20.Bxf3 f4 21.gxf4 Qe3+ 22.Kg2
Rb6 23.Qd4 Rg6+ 24.Kh1 Qxf4 25.Qxf4 Rxf4 26.Rac1 Kg8 27.Rd4 Rxd4 28.Nxd4 Kf8
29.Rc4 Ke7 30.Nc2 Rb6 31.b3 c5 32.Re4+ Kd8 33.Ne3 Nc7 34.Rc4 Ra6 35.Rxc5 Rxa2
36.d6 Nb5 37.Nc4 Nd4 38.Ra5 Rxa5 39.Nxa5 Nxf3 40.exf3 Bc6 {#r} 1-0

[Event "3rd HSK Easter Open 2017"]
[Site "Hamburg GER"]
[Date "2017.04.16"]
[Round "6.2"]
[White "Krause,Jonah"]
[Black "Trisic,A"]
[Result "0-1"]
[WhiteElo "2341"]
[BlackElo "2294"]
[EventType "swiss"]

1.d4 Nf6 2.c4 e6 3.g3 d5 4.Nf3 Be7 5.Bg2 O-O 6.O-O dxc4 7.Qa4 a6 8.Qxc4 b5
9.Qc2 Bb7 10.Bd2 Be4 11.Qc1 Nbd7 12.Ba5 Rc8 13.Nbd2 Ba8 14.Qc2 Qe8 15.b4 Bd6
16.Rac1 Nd5 17.a3 f5 18.e4 N5b6 19.Bxb6 Nxb6 20.e5 Be7 21.Ne1 Nd5 22.Nd3 f4
23.Qd1 Qg6 24.Qe2 Bg5 25.Be4 Qh6 26.Rc2 Rf7 27.Bg2 Rcf8 28.Nf3 fxg3 29.hxg3
Rxf3 30.Qxf3 Rxf3 31.Bxf3 Nxb4 {#R} 0-1

[Event "61st Southend Easter 2017"]
[Site "Southend ENG"]
[Date "2017.04.16"]
[Round "5.1"]
[White "Gareev,T"]
[Black "Merry,Alan B"]
[Result "1-0"]
[WhiteElo "2609"]
[BlackElo "2412"]

1.d4 d5 2.c4 c6 3.Nc3 Nf6 4.Nf3 a6 5.cxd5 cxd5 6.Bf4 Nc6 7.Ne5 Qb6 8.Nxc6 bxc6
9.a3 Bf5 10.Na4 Qb7 11.e3 e6 12.Bd3 Bxd3 13.Qxd3 Qb5 14.Qc2 Be7 15.Rc1 Rc8
16.Nc3 Qb7 17.O-O O-O 18.Na4 Nd7 19.b4 a5 20.Nc5 Bxc5 21.bxc5 Rfe8 22.Qc3 Qa6
23.Bd6 f6 24.f4 e5 25.fxe5 fxe5 26.dxe5 Re6 27.e4 dxe4 28.Qb3 Re8 29.Rc4 Qb5
30.Qa2 e3 31.Re1 Nxe5 32.Bxe5 {#r} 1-0

[Event "61st Southend Easter 2017"]
[Site "Southend ENG"]
[Date "2017.04.16"]
[Round "5.3"]
[White "Bates,Ri"]
[Black "Kirk,Ez"]
[Result "1-0"]
[WhiteElo "2369"]
[BlackElo "2365"]

1.d4 Nc6 2.Nf3 d6 3.c4 e5 4.Nc3 exd4 5.Nxd4 g6 6.Nd5 Bg7 7.Nb5 Kf8 8.Nbxc7 Rb8
9.e4 a6 10.Be2 h5 11.Be3 Bxb2 12.Rb1 Ba3 13.Qb3 Bc5 14.Bxc5 dxc5 15.Qb6 Qd6
16.f4 Kg7 17.Ne8+ {#r} 1-0

[Event "61st Southend Easter 2017"]
[Site "Southend ENG"]
[Date "2017.04.16"]
[Round "6.1"]
[White "Bates,Ri"]
[Black "Gareev,T"]
[Result "0-1"]
[WhiteElo "2369"]
[BlackElo "2609"]

1.d4 Nf6 2.Nf3 e6 3.c4 b6 4.g3 Ba6 5.b3 Bb4+ 6.Bd2 Be7 7.Nc3 d5 8.cxd5 exd5
9.Bg2 O-O 10.O-O Bb7 11.Bg5 Ne4 12.Bxe7 Qxe7 13.Rc1 Nd7 14.Qc2 Rac8 15.Nb5 a6
16.Na7 Ra8 17.Nc6 Qe6 18.Nfe5 Ndf6 19.f3 Nd6 20.e4 Rae8 21.Rfe1 Nb5 22.Qf2
dxe4 23.fxe4 Qd6 24.Red1 Bxc6 25.Rxc6 Qe7 26.Rxf6 gxf6 27.Ng4 f5 28.Qxf5 f6
29.a4 Nd6 30.Qd5+ Kh8 31.e5 fxe5 32.dxe5 Nf5 33.Qc6 Qg5 34.Nf6 Rxe5 35.Ne4
Qe3+ 36.Kh1 Nd4 37.Qxc7 Rxe4 {#R} 0-1

[Event "61st Southend Easter 2017"]
[Site "Southend ENG"]
[Date "2017.04.16"]
[Round "6.2"]
[White "Hebden,M"]
[Black "Britton,R"]
[Result "1-0"]
[WhiteElo "2494"]
[BlackElo "2168"]

1.d4 Nf6 2.Nf3 e6 3.e3 Be7 4.Bd3 d5 5.O-O b6 6.c4 O-O 7.Nc3 Bb7 8.cxd5 exd5
9.b3 Re8 10.Bb2 Nbd7 11.Rc1 a6 12.Ne5 Bd6 13.f4 c5 14.a4 Nf8 15.Qf3 Ne6 16.Ne2
Ne4 17.Qh3 f6 18.Ng4 Nf8 19.Ng3 Nd2 20.Nh5 Nxf1 21.Nh6+ gxh6 22.Qg4+ Ng6
23.Bxg6 Kh8 24.Bxe8 Qe7 25.dxc5 Nxe3 26.cxd6 Nxg4 27.dxe7 Rxe8 28.Rc7 {#r} 1-0

[Event "Pieniny Masters 2017"]
[Site "Lesnica SVK"]
[Date "2017.04.16"]
[Round "8.2"]
[White "Pacher,M"]
[Black "Dragnev,Valentin"]
[Result "0-1"]
[WhiteElo "2459"]
[BlackElo "2515"]

1.d4 Nf6 2.c4 e6 3.Nf3 d5 4.Nc3 c5 5.cxd5 Nxd5 6.e3 cxd4 7.exd4 Nxc3 8.bxc3
Qc7 9.Bd2 Nd7 10.Bd3 b6 11.O-O Bb7 12.Re1 Bd6 13.h4 O-O 14.Qc2 h6 15.Qc1 Qd8
16.Bxh6 Bxf3 17.Bg5 f6 18.Rxe6 Bc7 19.gxf3 fxg5 20.Bc4 Kh8 21.Qxg5 Qxg5+
22.hxg5 Bf4 23.Re7 Rfd8 24.Bd5 Rab8 25.Bc6 Nf8 26.Rxa7 Bxg5 27.a4 Bd2 28.Ra3
Rbc8 29.d5 Ng6 30.Rb3 Nf4 31.c4 Ba5 32.Re3 Rd6 33.Rf7 Ng6 34.f4 Kg8 35.Rf5 Bd2
36.Re2 Bc3 37.Rc2 Ne7 38.Rh5 Nxc6 39.c5 Nb4 40.Rxc3 Rxd5 {#R} 0-1

[Event "Pieniny Masters 2017"]
[Site "Lesnica SVK"]
[Date "2017.04.16"]
[Round "8.3"]
[White "Zilka,S"]
[Black "Shengelia,D"]
[Result "0-1"]
[WhiteElo "2523"]
[BlackElo "2570"]

1.Nf3 Nf6 2.c4 b6 3.g3 Bb7 4.Bg2 g6 5.d4 Bg7 6.O-O O-O 7.Qc2 c5 8.d5 b5 9.e4
bxc4 10.Rd1 e6 11.Qxc4 exd5 12.exd5 d6 13.Nc3 Nbd7 14.a4 Nb6 15.Qh4 Nbxd5
16.Nxd5 Bxd5 17.Bg5 Bxf3 18.Bxf3 Rb8 19.Qf4 d5 20.Rac1 Rb4 21.Qe3 d4 22.Qe5
Nd7 23.Qd5 Bf6 24.Bf4 Rxb2 25.a5 Re8 26.Re1 d3 27.Rxe8+ Qxe8 28.Bg4 Ne5 29.Bd1
Nc6 30.Qxd3 Bd4 31.Be3 Nb4 32.Qa3 Ra2 33.Qb3 Bxe3 34.fxe3 Qe4 {#R} 0-1

[Event "Pieniny Masters 2017"]
[Site "Lesnica SVK"]
[Date "2017.04.16"]
[Round "8.4"]
[White "Repka,C"]
[Black "Gazik,Viktor"]
[Result "1-0"]
[WhiteElo "2461"]
[BlackElo "2422"]

1.d4 Nf6 2.c4 g6 3.Nc3 Bg7 4.e4 O-O 5.Nf3 d6 6.h3 e5 7.dxe5 dxe5 8.Bg5 Nbd7
9.Be2 c6 10.O-O Qe7 11.Qc2 Nc5 12.Rfd1 Ne6 13.Be3 Nd7 14.Qd2 f5 15.exf5 gxf5
16.Qd6 Qf6 17.c5 Rf7 18.Bc4 Ndf8 19.Re1 e4 20.Nd2 Rd7 21.Qh2 Kh8 22.Rad1 Ng6
23.f3 Qe7 24.fxe4 f4 25.Bf2 Ne5 26.Nd5 Qf8 27.b4 Rf7 28.Kh1 Bd7 29.Nxf4 Nxf4
30.Bxf7 Qxf7 31.Rf1 Nfg6 32.Bd4 Qxa2 33.Nf3 Qe6 34.h4 Nxf3 35.Bxg7+ Kxg7
36.Rxf3 Re8 37.h5 Ne5 38.Rf5 Qb3 39.h6+ Kg8 40.Qh5 Re7 41.Rxd7 {#r} 1-0

[Event "Pieniny Masters 2017"]
[Site "Lesnica SVK"]
[Date "2017.04.16"]
[Round "8.5"]
[White "Pechac,Jergus"]
[Black "Vykouk,Jan"]
[Result "1-0"]
[WhiteElo "2448"]
[BlackElo "2424"]

1.e4 c5 2.Nf3 Nc6 3.Bb5 g6 4.O-O Bg7 5.Re1 Qb6 6.Na3 a6 7.Bf1 e5 8.Nc4 Qc7
9.a4 b6 10.c3 Nge7 11.b4 cxb4 12.cxb4 O-O 13.a5 b5 14.Nb6 Rb8 15.Bb2 Bb7 16.d4
exd4 17.Nxd4 Rfd8 18.Rc1 Qd6 19.Nxc6 dxc6 20.Bxg7 Kxg7 21.Qb3 Qe5 22.Rc5 Qd4
23.Qg3 Ng8 24.Re3 Nf6 25.Qc7 Qa1 26.h3 Rd1 27.Qxb8 Rxf1+ 28.Kh2 Rh1+ 29.Kg3
Qg1 30.Qf4 Rh2 31.Qf3 h5 32.e5 Nh7 33.e6 f5 34.Kf4 Rxg2 35.Ke5 Rxf2 36.Qg3 Rg2
37.Qf4 Rd2 38.e7 Nf6 39.Ke6 Qa1 40.Qb8 Bc8+ 41.Qxc8 Ne8 42.Nd5 Rxd5 43.Rxd5
Qa2 44.Qxc6 {#r} 1-0

[Event "Pieniny Ladies 2017"]
[Site "Lesnica SVK"]
[Date "2017.04.16"]
[Round "8.2"]
[White "Milcova,Z"]
[Black "Vrtiakova,Anna"]
[Result "1-0"]
[WhiteElo "2041"]
[BlackElo "1939"]

1.c4 e6 2.d4 d5 3.cxd5 exd5 4.Nc3 Nf6 5.Bg5 Be7 6.e3 O-O 7.Bd3 Nbd7 8.Nge2 b6
9.O-O Bb7 10.f3 c5 11.Qd2 a6 12.Rac1 c4 13.Bb1 b5 14.a3 Rc8 15.Qc2 Re8 16.Rcd1
Nf8 17.Kh1 Bc6 18.Bxf6 Bxf6 19.e4 dxe4 20.fxe4 g6 21.e5 Bg7 22.Nf4 Bb7 23.Qf2
Qd7 24.Be4 Ne6 25.Nh3 Rf8 26.Qe3 Bxe4 27.Nxe4 Kh8 28.d5 Nc7 29.Nf6 Qd8 30.d6
Ne6 31.Ng5 Nxg5 32.Qxg5 h6 33.Qe3 a5 34.Rf3 g5 35.Rh3 Bxf6 36.Rxh6+ Kg7
37.Rxf6 Rh8 38.Qxg5+ Kf8 39.Rdf1 Rh7 40.Qf5 Rg7 41.Rxf7+ Kg8 42.Rxg7+ {#r} 1-0

[Event "ch-KAZ 2017"]
[Site "Almaty KAZ"]
[Date "2017.04.16"]
[Round "6.4"]
[White "Nugumanov,B"]
[Black "Kazhgaleyev,M"]
[Result "0-1"]
[WhiteElo "2350"]
[BlackElo "2594"]

1.e4 e6 2.d4 d5 3.e5 c5 4.c3 Nc6 5.Nf3 Bd7 6.Be2 Nge7 7.O-O cxd4 8.cxd4 Nf5
9.Nc3 a6 10.Na4 b5 11.Nc3 Qb6 12.Be3 Be7 13.Bd3 Nxe3 14.fxe3 O-O 15.Ne2 f5
16.h4 Nb4 17.Bb1 Rac8 18.a3 Nc6 19.Nf4 b4 20.Ng5 Nxe5 21.dxe5 Qxe3+ 22.Kh1 Rc4
23.Qh5 Bxg5 24.Qxg5 h6 25.Nxd5 Qe2 26.Ne7+ Kf7 27.Bxf5 hxg5 28.Bd3+ Qxf1+
29.Rxf1+ Rf4 30.Rxf4+ gxf4 31.Ng6 Rd8 32.Nxf4 Bb5 33.Bg6+ Ke7 34.axb4 Rd4
35.g3 Rxb4 36.Bh5 Rxb2 37.Ng6+ Kd8 38.Nf4 Bc4 {#R} 0-1

[Event "GRENKE Chess Open 2017"]
[Site "Karlsruhe GER"]
[Date "2017.04.17"]
[Round "8.4"]
[White "Kozul,Z"]
[Black "Kulaots,K"]
[Result "1-0"]
[WhiteElo "2631"]
[BlackElo "2588"]

1.d4 Nf6 2.c4 e6 3.g3 c5 4.d5 exd5 5.cxd5 d6 6.Nc3 g6 7.Bg2 Bg7 8.Nf3 O-O
9.O-O Re8 10.Re1 Na6 11.Bf4 Bg4 12.e4 Nd7 13.Qd2 Bxf3 14.Bxf3 Ne5 15.Be2 Nc7
16.Kg2 Qd7 17.a4 f5 18.Rab1 Rf8 19.b4 cxb4 20.Rxb4 Na6 21.Bxa6 bxa6 22.exf5
Qxf5 23.Ne4 Nf7 24.Rb7 Rab8 25.Nxd6 Nxd6 26.Rxg7+ Kxg7 27.Bxd6 Rbd8 28.Bxf8+
Qxf8 29.Qd4+ Kg8 30.Re6 Qf7 31.Qe5 Qd7 32.Rxa6 {#r} 1-0

[Event "GRENKE Chess Open 2017"]
[Site "Karlsruhe GER"]
[Date "2017.04.17"]
[Round "8.5"]
[White "Matlakov,M"]
[Black "Annaberdiev,M"]
[Result "1-0"]
[WhiteElo "2707"]
[BlackElo "2459"]

1.d4 Nf6 2.Nf3 e6 3.c4 Bb4+ 4.Nbd2 O-O 5.a3 Be7 6.e4 d6 7.Be2 Nbd7 8.Qc2 c5
9.O-O cxd4 10.Nxd4 a6 11.b4 Qc7 12.Bb2 b6 13.f4 Bb7 14.Qd3 Rfe8 15.g4 Nf8
16.g5 N6d7 17.h4 Ng6 18.f5 exf5 19.Nxf5 Bf8 20.Rf2 a5 21.Raf1 Nde5 22.Qb3 axb4
23.axb4 Qd8 24.Rg2 Bc8 25.Qg3 Ra2 26.Bc3 Rc2 27.h5 Bxf5 28.exf5 Rxc3 29.Qxc3
Nh4 30.Rg3 d5 31.cxd5 Qxd5 32.Rf4 Nc6 33.Bc4 Qd7 34.g6 Bxb4 35.gxf7+ {#r} 1-0

[Event "GRENKE Chess Open 2017"]
[Site "Karlsruhe GER"]
[Date "2017.04.17"]
[Round "8.6"]
[White "Bacrot,E"]
[Black "Stocek,J"]
[Result "1-0"]
[WhiteElo "2696"]
[BlackElo "2560"]

1.e4 e6 2.d4 d5 3.Nc3 Nf6 4.e5 Nfd7 5.f4 c5 6.Nf3 Nc6 7.Be3 cxd4 8.Nxd4 Bc5
9.Qd2 O-O 10.O-O-O a6 11.Qf2 Bxd4 12.Bxd4 b5 13.Be3 Bb7 14.Kb1 Rc8 15.Bd3 Nb4
16.Bd4 Qc7 17.a3 Nc6 18.Rhe1 Nxd4 19.Qxd4 Nc5 20.g4 f6 21.f5 fxe5 22.Rxe5 Nxd3
23.cxd3 b4 24.axb4 exf5 25.gxf5 Rce8 26.Rxe8 Rxe8 27.f6 Qxh2 28.Rf1 Rc8
29.fxg7 {#r} 1-0

[Event "GRENKE Chess Open 2017"]
[Site "Karlsruhe GER"]
[Date "2017.04.17"]
[Round "8.7"]
[White "Moiseenko,A1"]
[Black "Sumets,A"]
[Result "1-0"]
[WhiteElo "2670"]
[BlackElo "2559"]

1.d4 d5 2.c4 c6 3.Nf3 Nf6 4.Qc2 dxc4 5.e4 b5 6.b3 cxb3 7.axb3 Bg4 8.Nbd2 e6
9.Bd3 Qb6 10.O-O Na6 11.Ne5 Nb4 12.Qc3 Rd8 13.Bb2 Nxd3 14.Nxd3 Be2 15.Rfc1
Bxd3 16.Qxd3 Bb4 17.Nf3 O-O 18.e5 Nh5 19.Qe4 c5 20.Qh4 g6 21.g4 Nf4 22.Qh6
Ne2+ 23.Kf1 f5 24.exf6 Qb7 25.Kxe2 Rxf6 26.Ng5 cxd4 27.f3 Rxf3 28.Nxf3 Qe4+
29.Kf2 Rf8 30.Qh3 Qe3+ 31.Kg2 Qe2+ 32.Kh1 Rxf3 33.Qg2 Rf2 34.Rc8+ Bf8 35.Rxf8+
Kxf8 36.Qa8+ Kg7 37.Bxd4+ {#r} 1-0

[Event "GRENKE Chess Open 2017"]
[Site "Karlsruhe GER"]
[Date "2017.04.17"]
[Round "8.18"]
[White "Seyb,A"]
[Black "Graf,A"]
[Result "1-0"]
[WhiteElo "2407"]
[BlackElo "2577"]

1.e4 e5 2.Nf3 Nc6 3.Bb5 g6 4.d4 exd4 5.Bg5 f6 6.Bh4 a6 7.Bc4 Bc5 8.c3 dxc3
9.Nxc3 d6 10.O-O Kf8 11.Qd5 Qe8 12.e5 fxe5 13.Ne4 Ba7 14.Nf6 Nce7 15.Qd2 Qc6
16.Nxe5 dxe5 17.Qd8+ Kg7 18.Ne8+ Kf8 19.Bxe7+ Nxe7 20.Nd6+ Kg7 21.Qxe7+ Kh6
22.Nf7+ {#r} 1-0

[Event "GRENKE Chess Open 2017"]
[Site "Karlsruhe GER"]
[Date "2017.04.17"]
[Round "8.20"]
[White "Martin,Julian"]
[Black "Moussard,J"]
[Result "0-1"]
[WhiteElo "2319"]
[BlackElo "2573"]

1.e4 e5 2.Nf3 Nc6 3.Nc3 Nf6 4.Bb5 Bb4 5.O-O O-O 6.d3 Re8 7.Bg5 a6 8.Ba4 b5
9.Bb3 Be7 10.Bxf6 Bxf6 11.a4 b4 12.Nd5 Na5 13.Ba2 Rb8 14.Qd2 c5 15.Nxf6+ Qxf6
16.Bd5 Bb7 17.Ng5 Bxd5 18.exd5 Qd6 19.f4 f6 20.Ne4 Qxd5 21.Qf2 d6 22.Qg3 Kh8
23.Kh1 f5 24.Ng5 h6 25.Nf3 e4 26.dxe4 Rxe4 27.Rad1 Qe6 28.b3 Nc6 29.Qh3 Kg8
30.Qg3 Re8 31.h3 Re2 32.Rfe1 Nd4 33.Rxe2 Nxe2 34.Qh4 c4 35.Kh2 cxb3 36.cxb3
Qxb3 37.Re1 Qd3 38.Qf2 b3 39.Qb6 Re4 40.Qc6 Kh7 41.Qd7 Rxf4 42.Qe8 Rxf3
43.Rxe2 Rf1 44.Re6 f4 {#R} 0-1

[Event "GRENKE Chess Open 2017"]
[Site "Karlsruhe GER"]
[Date "2017.04.17"]
[Round "8.23"]
[White "Indjic,A"]
[Black "Bruedigam,M"]
[Result "1-0"]
[WhiteElo "2589"]
[BlackElo "2403"]

1.d4 Nf6 2.c4 e6 3.Nf3 Bb4+ 4.Bd2 a5 5.g3 d6 6.Bg2 Nbd7 7.O-O e5 8.Nc3 O-O
9.a3 Bxc3 10.Bxc3 e4 11.Nd2 Qe7 12.e3 d5 13.f3 exf3 14.Qxf3 Nb6 15.cxd5 Nfxd5
16.e4 Nxc3 17.bxc3 Bd7 18.e5 Bc6 19.Ne4 Kh8 20.Qh5 g6 21.Qh6 Bxe4 22.Bxe4 f5
23.exf6 Rxf6 24.Rxf6 Qxf6 25.Rf1 Qg7 26.Qxg7+ Kxg7 27.Bxb7 Re8 28.Kf2 Rb8
29.Bc6 Nc4 30.Ke2 Rb2+ 31.Kd3 Nd6 32.h3 h5 33.g4 Rh2 34.Rh1 Ra2 35.a4 h4
36.Bd5 Rb2 37.Re1 Rh2 38.Re3 Kf6 39.c4 {#r} 1-0

[Event "GRENKE Chess Open 2017"]
[Site "Karlsruhe GER"]
[Date "2017.04.17"]
[Round "8.35"]
[White "Buckels,Valentin"]
[Black "Vogel,Roven"]
[Result "0-1"]
[WhiteElo "2309"]
[BlackElo "2462"]

1.d4 Nf6 2.c4 e6 3.Nc3 Bb4 4.e3 O-O 5.Ne2 Re8 6.a3 Bf8 7.d5 d6 8.g3 c5 9.dxc6
bxc6 10.Bg2 Ba6 11.b3 d5 12.O-O Nbd7 13.h3 Rb8 14.Rb1 c5 15.cxd5 exd5 16.Nxd5
Nxd5 17.Bxd5 Nf6 18.Bf3 Qc8 19.Bb2 Qf5 20.Kg2 Qxf3+ 21.Kxf3 Bb7+ 22.e4 Bxe4+
23.Kf4 Nd5+ 24.Kg4 f5+ 25.Kg5 Be7+ 26.Kh5 Rb6 27.Qd2 g6+ 28.Kh6 Bf8+ 29.Kg5
h6+ 30.Kh4 Be7+ 31.Bf6 Bxf6+ 32.Qg5 hxg5# 0-1

[Event "GRENKE Chess Open 2017"]
[Site "Karlsruhe GER"]
[Date "2017.04.17"]
[Round "8.36"]
[White "Pijpers,A"]
[Black "Zujev,O"]
[Result "1-0"]
[WhiteElo "2457"]
[BlackElo "2366"]

1.e4 c5 2.Nf3 e6 3.d4 cxd4 4.Nxd4 a6 5.Nc3 Qc7 6.Bd3 Nf6 7.O-O Bc5 8.Nb3 Be7
9.a4 Nc6 10.a5 d5 11.Be3 O-O 12.Bb6 Qf4 13.Ra4 e5 14.exd5 Nb4 15.d6 Ng4 16.g3
Qh6 17.Qxg4 Bxg4 18.dxe7 Nxd3 19.exf8=Q+ Rxf8 20.Rxg4 Qe6 21.Re4 f5 22.Nd4 Qd7
23.Nxf5 Nf4 24.gxf4 Rxf5 25.Rd1 Qe6 26.Rd8+ Kf7 27.Ne2 Qg6+ 28.Ng3 exf4
29.Rde8 Qg5 30.R4e7+ Kg6 31.Bd4 Rf6 32.Bxf6 Qd5 33.Bc3 fxg3 34.Rxg7+ {#r} 1-0

[Event "GRENKE Chess Open 2017"]
[Site "Karlsruhe GER"]
[Date "2017.04.17"]
[Round "8.38"]
[White "Hansen,TR"]
[Black "Soumya,Sw"]
[Result "1-0"]
[WhiteElo "2442"]
[BlackElo "2349"]

1.e4 c5 2.Nf3 Nc6 3.Nc3 e6 4.d4 cxd4 5.Nxd4 Qc7 6.Be3 a6 7.Qf3 Ne5 8.Qg3 h5
9.O-O-O h4 10.Qh3 Ng6 11.Bd3 b5 12.Kb1 Bb7 13.Rhe1 Bb4 14.e5 Nxe5 15.Bf4 d6
16.Bxe5 dxe5 17.Nxe6 fxe6 18.Qxe6+ Kf8 19.Bg6 Nf6 20.Rxe5 Rh6 21.Rg5 Qe7
22.Qb3 Bxc3 23.bxc3 Rxg6 24.Rxg6 Rc8 25.Kb2 Rc4 26.Rd4 Qf7 27.Rg5 Ne4 28.Rxc4
bxc4 29.Qb4+ Kg8 30.Re5 Qf6 31.Re8+ Kh7 32.Qxc4 Bd5 33.Qd4 Qxd4 34.cxd4 Nxf2
35.Re5 Bxg2 36.Re2 Nd1+ 37.Kc1 Bf3 {#r} 1-0

[Event "GRENKE Chess Open 2017"]
[Site "Karlsruhe GER"]
[Date "2017.04.17"]
[Round "8.42"]
[White "Carow,J"]
[Black "Rietze,C"]
[Result "1-0"]
[WhiteElo "2419"]
[BlackElo "2313"]

1.d4 Nf6 2.c4 g6 3.f3 d5 4.cxd5 Nxd5 5.e4 Nb6 6.Nc3 Bg7 7.Be3 O-O 8.Qd2 Nc6
9.O-O-O f5 10.e5 Nb4 11.Nh3 Be6 12.Kb1 Qd7 13.Nf4 Nc4 14.Bxc4 Bxc4 15.h4 Bf7
16.a3 Na6 17.h5 g5 18.e6 Bxe6 19.Nxe6 Qxe6 20.d5 Qf7 21.Bxg5 Rad8 22.Rhe1 Rfe8
23.h6 Bh8 24.Bf4 c6 25.Be5 cxd5 26.Bxh8 Kxh8 27.Qd4+ Kg8 28.Nxd5 Rc8 29.Qe5
Rcd8 30.Nxe7+ Qxe7 31.Rxd8 Qxe5 32.Rxe8+ Qxe8 33.Rxe8+ Kf7 34.Ra8 Nc5 35.Rxa7
Kg6 36.b4 Nd3 37.Rxb7 Kxh6 38.a4 {#r} 1-0

[Event "GRENKE Chess Open 2017"]
[Site "Karlsruhe GER"]
[Date "2017.04.17"]
[Round "8.43"]
[White "Beikert,G"]
[Black "Lagunow,Raphael"]
[Result "1-0"]
[WhiteElo "2408"]
[BlackElo "2296"]

1.e4 c5 2.Nf3 Nc6 3.d4 cxd4 4.Nxd4 Nf6 5.Nc3 e5 6.Ndb5 d6 7.Bg5 a6 8.Na3 b5
9.Nd5 Be7 10.Bxf6 Bxf6 11.c3 Bg5 12.Nc2 O-O 13.a4 bxa4 14.Rxa4 a5 15.Be2 Rb8
16.Ra2 Be6 17.Bg4 Bxd5 18.Qxd5 Ne7 19.Qd3 d5 20.O-O dxe4 21.Qxe4 Qc7 22.Ne3
Qc5 23.Be2 Nc6 24.Ra4 Bxe3 25.fxe3 Rxb2 26.Rc4 Qa7 27.Bd3 f5 28.Rxc6 {#r} 1-0

[Event "GRENKE Chess Open 2017"]
[Site "Karlsruhe GER"]
[Date "2017.04.17"]
[Round "8.44"]
[White "Petkidis,A"]
[Black "Barski,R"]
[Result "0-1"]
[WhiteElo "2264"]
[BlackElo "2407"]

1.e4 c5 2.Nf3 d6 3.d4 cxd4 4.Nxd4 Nf6 5.Nc3 a6 6.g3 g6 7.Bg2 Bg7 8.O-O O-O
9.h3 Nc6 10.Nde2 Rb8 11.a4 b5 12.axb5 axb5 13.Bg5 h6 14.Be3 b4 15.Nd5 Nd7
16.Nd4 Bxd4 17.Bxd4 e6 18.Be3 exd5 19.Bxh6 Re8 20.Qxd5 Qc7 21.Rfd1 Re6 22.Bf4
Nf6 23.Qc4 Bb7 24.c3 Qe7 25.cxb4 Nxe4 26.b5 Ne5 27.Qb4 Nc5 28.Ra7 Ned3 29.Qd4
Re1+ 30.Rxe1 Qxe1+ 31.Bf1 Nxf4 32.Qxf4 Qd1 33.b4 Qd5 {#R} 0-1

[Event "GRENKE Chess Open 2017"]
[Site "Karlsruhe GER"]
[Date "2017.04.17"]
[Round "9.3"]
[White "Landa,K"]
[Black "Bacrot,E"]
[Result "0-1"]
[WhiteElo "2611"]
[BlackElo "2696"]

1.d4 d5 2.c4 e6 3.Nc3 Be7 4.Nf3 Nf6 5.Bg5 h6 6.Bxf6 Bxf6 7.cxd5 exd5 8.g3 O-O
9.Bg2 Be6 10.O-O Nd7 11.b4 c6 12.e3 a5 13.b5 c5 14.Rc1 Rc8 15.Qd2 Nb6 16.Rfd1
Bg4 17.Ne2 Nc4 18.Qe1 Qd7 19.Ne5 Bxe5 20.dxe5 Qxb5 21.Rxd5 Be6 22.Nd4 Qa4
23.Nxe6 fxe6 24.Qd1 Qxa2 25.Rc2 Qa4 26.Rd7 b5 27.Bh3 Nxe5 28.Bxe6+ Kh8 29.Rd6
Nf3+ 30.Kh1 Rce8 31.Bh3 Ng5 {#R} 0-1

[Event "GRENKE Chess Open 2017"]
[Site "Karlsruhe GER"]
[Date "2017.04.17"]
[Round "9.11"]
[White "Kunte,A"]
[Black "Demchenko,A"]
[Result "0-1"]
[WhiteElo "2491"]
[BlackElo "2628"]

1.d4 Nf6 2.Nf3 g6 3.g3 Bg7 4.Bg2 O-O 5.O-O d6 6.Re1 Nbd7 7.e4 e5 8.c3 b6 9.Qc2
Bb7 10.a4 a6 11.Nbd2 Re8 12.h3 Rc8 13.dxe5 Nxe5 14.Nxe5 Rxe5 15.Nc4 Re6 16.Bd2
Qe8 17.f3 Rd8 18.Ne3 d5 19.exd5 Nxd5 20.Nf1 Rdd6 21.Kh2 a5 22.Rad1 Bc6 23.b3
h5 24.h4 Be5 25.c4 Nf6 26.Be3 Rxd1 27.Rxd1 Bd6 28.Bd4 Qe7 29.Rd2 Nd7 30.Kh1
Bxg3 31.Nxg3 Qxh4+ 32.Kg1 Qxg3 33.Bf2 Qg5 34.Kh1 Ne5 35.Qd1 Re8 36.Rd4 Qf6
37.Bh4 g5 38.Bg3 Nxf3 {#R} 0-1